000 00616nam a22001697a 4500
999 _c10489
_d10489
008 180831b ||||| |||| 00| 0 eng d
020 _a978-1-1194-6942-1
082 _22018
_aDC 658.404
_bW256
100 _930790
_aWard, Garth G.F
245 _aEffective project management:
_bguidance and checklists for engineering and construction/
_cGarth G.F Ward
260 _aNew Jersey USA :
_bWiley Blackwell & Son Ltd,
_c©2018.
300 _axxii, 452 pages :
_billustrations;
_c24 cm.
500 _aIncludes abbreviations and index.
650 0 _930791
_aProject management
365 _b7,500.00
_cPhp.
942 _2ddc
_cDC